Ako reagujú stromy na mechanické poškodenie a nadväznú infekciu?

Bibliographic Details
Main Author: Greško, Ladislav (Author)
Format: Article
Language:Slovak
PhysicalDescription:Obr. 4.
Subjects:

MARC

LEADER 00000nab a2200000 a 4500
001 vtls000231675
003 SK-MaSNL
005 20260304172755.0
008 250526c1985 xo 0 slo
015 |a SNBRB19rr/mm-uuuuu 
035 |a CL0241789 
035 |a urn:nbn:sk:snk-ab2co6 
035 |a (urnnbn)urn:nbn:sk:snk:ar-a025g2 
035 |a (uuid)28a41591-c1e5-4a80-ac44-18cae9bd376f 
040 |a SNKBUCL  |b slo  |c SNKBUCL  |e AACR2 
041 0 |a slo 
044 |a xo  |c SK 
080 |a 630 41:632.3  |2 1981 
080 |a 632.3  |2 1981 
100 1 |a Greško, Ladislav  |4 aut  |9 922142 
245 1 0 |a Ako reagujú stromy na mechanické poškodenie a nadväznú infekciu?  |c Ladislav Greško 
300 |b Obr. 4. 
650 0 7 |a lesné stromy  |2 snkbucl  |9 70470 
655 7 |a články z novín a časopisov  |2 snkbucl  |9 267496 
773 0 |t Les  |g Roč. 41, č. 11 (1985), s. 507-510 
850 |a Slovenská národná knižnica 
852 |a Slovenská národná knižnica 
954 |a odborná, vedecká literatúra pôvodná (slovenská)  |2 lita 
958 |a ONDV 
958 |a article2022 
958 |a RK 
992 |a RBX 
999 |c 3000021  |d 3001951